000 00364nam a2200157Ia 4500
003 OSt
005 20240220111136.0
008 170524s9999 xx 000 0 und d
020 _a978-0071072724
040 _cIIMT UNIVERSITY MEERUT
100 _aMillman
245 0 _aPulse Digital and Switching Wave From
260 _bTMH
260 _c2007
942 _2ddc
_c02
999 _c5025
_d5025